Bước đầu tìm hiểu về sách Chuyết công ngữ lục, một di sản Hán Nôm quý giá mới phát hiện /

Enregistré dans:
Détails bibliographiques
Auteur principal: Đàm Chí Tù, PGS.TS.
Format: Article
Langue:Vietnamese
Sujets:
Tags: Ajouter un tag
Pas de tags, Soyez le premier à ajouter un tag!
Thư viện lưu trữ: Thư viện Trường Đại học Đà Lạt
LEADER 00833nam a2200265 4500
001 DLU090081982
005 ##20090914
040 # # |a DLU  |b vie 
041 # # |a vie 
044 # # |a vn 
100 # # |a Đàm Chí Tù,   |c PGS.TS. 
245 # # |a Bước đầu tìm hiểu về sách Chuyết công ngữ lục, một di sản Hán Nôm quý giá mới phát hiện /  |c Đàm Chí Tù. 
653 # # |a Tài liệu Hán Nôm 
653 # # |a Văn bản cổ 
653 # # |a Văn bản Hán Nôm 
773 # # |t Nghiên cứu lịch sử  |g Số 7(399),2009, tr. 39-45 
920 # # |a Phòng Tạp chí -- Trung tâm Thông tin - Thư viện Trường Đại học Đà Lạt 
994 # # |a DLU 
900 # # |a True 
911 # # |a Nguyễn Thị Linh Chi 
925 # # |a G 
926 # # |a A 
927 # # |a BB 
980 # # |a Thư viện Trường Đại học Đà Lạt